[Event "Minsk"]
[Site "Minsk"]
[Date "1996.??.??"]
[Round "11"]
[White "Savchenko, Stanislav"]
[Black "Filippov, Valerij"]
[Result "1/2-1/2"]
[WhiteElo "2585"]
[BlackElo "2530"]
[Annotator "Lutz,C"]
[PlyCount "82"]
[EventDate "1996.??.??"]
[EventType "tourn"]
[EventRounds "11"]
[EventCountry "BLR"]
[EventCategory "11"]
[SourceTitle "CBM 054"]
[Source "ChessBase"]
[SourceDate "1996.10.01"]
[SourceVersion "1"]
[SourceVersionDate "1996.10.01"]
[SourceQuality "1"]

1. d4 d5 2. c4 c6 3. Nf3 Nf6 4. Nc3 e6 5. Bg5 dxc4 6. e4 b5 7. e5 h6 8. Bh4 g5
9. Nxg5 hxg5 10. Bxg5 Nbd7 11. exf6 Bb7 12. g3 c5 13. d5 Bh6 14. Bxh6 Rxh6 15.
Qd2 Qxf6 16. O-O-O Kf8 $1 {Yusupovs Entdeckung, die seit ihrer Entstehung 1993
für einige spektakuläre Schwarzsiege sorgte.} 17. f3 (17. h4 {Razuvaev,
Y-Fillipov,V/RUS-ch Elista 1995/CBM 50 1995}) (17. Be2 {Kharitonov,A-Yagupov,I/
RUS Army-ch/CBM 48 1995}) (17. f4 Nb6 18. Bg2 (18. Ne4 {Vladimirov,E-Bareev,E/
Tilburg (02)/CBM 39 1993}) 18... exd5 19. Qf2 {Kamsky,G-Shirov,A/WchT Luzern/
CBM 38 1993} (19. Nxb5 {Alterman,B-Kamsky,G/Tilburg (02)/CBM 39 1993})) (17. g4
{Piket,J-Kaidanov,G/Tilburg (02)/CBM 39 1993}) 17... exd5 18. Nxd5 Qd6 (18...
Bxd5 {Bagaturov,G-Jaracz,P/Pardubice op (07)/EXT94op 1994}) 19. Qg5 {Dies galt
bislang als das letzte Wort. Die Drohung ist 20.Nc7.} (19. Nc7 {Salov,V-Bareev,
E/Madrid (09)/CBM 41 1994}) 19... Rb8 $5 {Eine erstaunlich coole Neuerung.
Schwarz läßt die Dame im Abzug stehen.} (19... Rg6 20. Qf5 Ne5 (20... Rd8 21.
Bxc4 $1 bxc4 22. Nf4 Qf6 23. Nxg6+ Qxg6 24. Qxg6 fxg6 25. h4 $16 {Bareev}) 21.
Nf4 Rf6 22. Qh3 $1 (22. Qh5 $4 Qxd1+ $19 {Bareev}) (22. Qh7 Rh6 {Bareev}) 22...
Qxd1+ $8 (22... Qa6 23. Qh8+ Ke7 24. Qh5 $18 {Bareev}) (22... Qc7 23. Qh8+ Ke7
24. Qg7 Rd8 25. Re1 Qd6 26. Rxe5+ $18 {Bareev}) 23. Kxd1 Bxf3+ 24. Kc1 Bxh1 25.
Qh4 $1 Nd7 $8 26. Bh3 Rd6 $8 27. Bxd7 Rxd7 28. Qh8+ Ke7 29. Qe5+ Kd8 30. h4 $1
$16 {Bareev,E-Filippov,V/RUS-chT Kazan (08) ;CBM 51 1995}) 20. Nf4 (20. Bh3 $5
Ne5 $1 {/\ ...Nd3} (20... Rxh3 $2 21. Nf4 Qh6 (21... Qe7 22. Nxh3 Bxf3 23.
Qxe7+ Kxe7 24. Rhe1+ $18) (21... Qe5 22. Nxh3 Bxf3 23. Rxd7 Qxg5+ 24. Nxg5 Bxh1
25. Rxf7+ $16) 22. Nxh3 (22. Qf5 Rd8 23. Rxd7 Rxd7 24. Qxd7 Rxg3 $13) 22...
Qxh3 23. Qf4 $1 {/\ Rd7, /\ Qd6} Rd8 (23... Re8 24. Qd6+ Kg8 (24... Re7 25.
Rhe1 $18) 25. Qxd7 $16) (23... Rc8 24. Qd6+ Ke8 25. Rhe1+ Kd8 26. Qf6+ Kc7 27.
Rxd7+ Qxd7 (27... Kxd7 28. Re7+ Kd8 29. Qd6+) 28. Re7 $18) 24. Qc7 Qh6+ 25. Kb1
(25. f4 $2 Qb6) 25... Qb6 26. Rxd7 $16)) 20... Qf6 21. Qxf6 Nxf6 22. Bg2 $14 {
Das Endspiel ist besser für Weiß, da er über die besseren Figuren und die
besseren Bauern verfügt. Das folgende Springermanöver ist interessant.} Ne8 $1
23. h4 Ng7 24. g4 Rf6 25. Ne2 (25. Nd5 $5 Bxd5 26. Rxd5 Ne6 27. g5 Nf4) 25...
Bxf3 26. Bxf3 (26. g5 $5 Rf5 27. Bxf3 Rxf3 28. Rhf1) 26... Rxf3 27. Rhf1 Rxf1
28. Rxf1 Rd8 29. g5 Ke7 30. Nf4 Rg8 31. Nd5+ Kd6 32. Nc3 b4 33. Ne4+ Ke5 34.
Nxc5 Rh8 35. Rxf7 Nf5 36. Nd7+ Ke6 37. Rf6+ Kxd7 38. Rxf5 Rxh4 39. Ra5 Rh1+ 40.
Kd2 Rh2+ 41. Kc1 Rh1+ 1/2-1/2

[Event "Sarajevo Bosnia 35th"]
[Site "Sarajevo"]
[Date "2005.05.28"]
[Round "9"]
[White "Sokolov, Ivan"]
[Black "Shirov, Alexei"]
[Result "1-0"]
[WhiteElo "2662"]
[BlackElo "2714"]
[Annotator "Lutz,C"]
[PlyCount "81"]
[EventDate "2005.05.19"]
[EventType "tourn"]
[EventRounds "9"]
[EventCountry "BIH"]
[EventCategory "16"]
[SourceTitle "CBM 108"]
[Source "ChessBase"]
[SourceDate "2005.09.26"]
[SourceVersion "1"]
[SourceVersionDate "2005.09.26"]
[SourceQuality "1"]

1. d4 {Kortschnoj Ftacnik} d5 2. c4 c6 3. Nf3 Nf6 4. Nc3 e6 5. Bg5 dxc4 6. e4
b5 7. e5 h6 {Kortschnoj: 'The so called "Botvinnik variation" loses gradually
its glare after the death of the inventor...'} 8. Bh4 g5 9. exf6 $5 {Diese
Partie wurde in der letzten Runde des Turniers gespielt. Ivan Sokolov schreibt
in SCHACH 7/2005 und NIC 5/2004, dass er um den Turniersieg mitkämpfen und
seinen Gegner daher bewusst mit einer alten Variante überraschen wollte.} gxh4
10. Ne5 Qxf6 11. a4 Bb7 (11... c5 {ist die andere wesentliche Möglichkeit.})
12. axb5 $5 {Dies ist ein seltener Zug, der einige Male von Pia Cramling
angewandt wurde.} (12. Be2 {wurde häufiger gespielt.} c5 (12... h3 $5)) 12...
cxb5 (12... c5 $5 {Kortschnoj} 13. Bxc4 Bd6 $1) 13. Bxc4 a6 (13... Bd6 $5 14.
Bxb5+ Ke7 15. Qe2 h5 16. h3 {1/2-1/2 Cramling,P-Garcia Martinez,S/Malaga 2001/
EXT 2002 (16)}) (13... bxc4 $2 {Kortschnoj} 14. Qa4+ Kd8 15. Qa5+ Kc8 16. Ra4
$18) 14. Nxb5 {Kortschnoj: 'We have to pay a credit to the inexhostible
phantasy of grandmaster Bellon, who has discovered these sacrifices in the
year 2000. The first sacrifice is obvious, although has never been played by
others: 13...bc 14.Qa4 Kd8 15.Qa5 Kc8 16.Ra4, winning. The second, the really
terrific blow!, leads to very complicated matters. But still, with advantage
to white! As to playing black Shirov - it looks like he is totally unaware of
the last theoretical developments. Or he made up his mind to challenge white`s
brilliant play, but his home work turned out to be inaccurate. As to the
modern theory, after 12.ab it recommends 12...c5!?. And after 13.Bc4 S.M.
Garcia against P. Cramling played 13...Bd6! and managed to save the game!'}
axb5 $146 {Eine Neuerung am Brett.} (14... Bb4+ 15. Nc3 Bxc3+ 16. bxc3 Bxg2 17.
Rg1 h3 18. Qa4+ Kf8 19. Rd1 (19. Be2 $5 {sieht wie eine Verbesserung aus. Die
Idee ist Be2-f3, sofern dies taktisch möglich ist.} Rg8 (19... Ra7 20. Bf3 Bxf3
$2 21. Qb4+ $18) 20. Bf3) 19... Rg8 20. Rd3 Rg5 21. Re3 Ra7 22. Nd3 Nc6 $13 23.
Qa3+ Kg7 24. Qd6 Rb7 25. Ke2 Ne7 26. Qd8 Nf5 27. Qxf6+ Kxf6 28. Ra1 Nxe3 29.
Kxe3 a5 30. Nc5 Ra7 31. f3 Rg8 32. Bb5 Ke7 33. c4 h5 34. Nd3 h4 35. Ne5 Raa8
36. Bc6 Ra7 37. Bb5 Kd6 38. Nc6 Raa8 39. Ne5 f6 40. Nd7 Ke7 41. Nb6 Ra7 42. c5
Rb8 43. Ba4 Ra6 44. Rb1 Kd8 45. Kf2 Rb7 46. Bc6 Rb8 47. Ba4 Rb7 48. Bc6 Rb8 49.
Ba4 {1/2-1/2 Cramling,P-Ornstein,A/Stockholm 2001/CBM 79 ext (49)}) 15. Bxb5+
Kd8 16. Rxa8 Bxa8 17. Qa4 {Ftacnik: 'White has used rather extreme meassures
in the opening, for the sacrificed piece he can claim strong initiative and a
perfect target in king on d8.'} Bd6 $1 {Kortschnoj: 'This move was perhaps
prepared by Shirov at home.'  Sokolov hatte am Vorabend von seinem Sekundanten
GM Atalik gezeigt bekommen, dass 17...Bxg2 und 17...Bd5 jeweils zu weißem
Vorteil führen. Nach dem Partiezug musste er jedoch selbst anfangen zu spielen.
} (17... Bxg2 {'?' Ftacnik.} 18. Qa7 {'!' Ftacnik.} Kc8 (18... Bd6 {Ftacnik}
19. Nxf7+ Qxf7 20. Qxf7 Rf8 21. Qxe6 Bb4+ 22. Ke2 Bxh1 23. Qb6+ Ke7 24. Qc7+
$18) 19. Bd7+ Nxd7 20. Qxd7+ Kb8 21. f3 Bxf3 (21... Bb4+ {Ftacnik} 22. Kf2 Bxf3
23. Nxf3 $18) 22. Qb5+ Ka7 (22... Kc7 {Ftacnik} 23. Rf1 $16) 23. Rf1 $18) (
17... Bd5 18. Qa7 Kc8 19. Bd7+ Nxd7 20. Qxd7+ Kb8 21. Qb5+ Kc7 22. O-O Qg5 23.
g3 $18) 18. Nc4 $5 (18. Qxa8 Bxe5 19. dxe5 Qxe5+ 20. Be2 Qxb2 (20... h3 $5 {
Ftacnik} 21. g3 Ke7 $13) 21. O-O Ke7 22. Qe4 Nd7 23. Qxh4+ Kf8 {ist
remisverdächtig (I.Sokolov)}) 18... Bc7 $5 (18... Bxg2 $5 19. Nxd6 Bxh1 20. Qa7
{sieht gefährlich aus, aber ...} Qg6 $1 {führt zum Dauerschach (I.Sokolov).}) (
18... Qf4 {Ftacnik} 19. Qxa8 Qc1+ 20. Ke2 Qc2+ 21. Nd2 $16) 19. Qxa8 Qg5 {
Kortschnoj: 'And black also has his trump: bishop b5 and rook h1 are hanging!'}
20. Qb7 $1 {Durch ein Turmopfer verschärft Weiß die Partie aufs Maximum.} (20.
Qf3 {Ftacnik} Rf8 21. d5 exd5 22. Ne3 $14) 20... Qc1+ 21. Ke2 Qxh1 22. Ne5 $1 {
Die Pointe. Es droht sowohl 23.Nxf7+ als auch 23.Nc6+.} Qc1 $2 {Ftacnik:
'Shirov is doing wonders in active defense, but as a human he found it a bit
difficult to unearth the unusual idea 22...Rh7!? Return of the queen to the
center of the fight is sensible enough.' Ein Fehler.} (22... Rf8 {verliert
nach I.Sokolov forciert:} 23. Nc6+ Nxc6 24. Qxc6 Ke7 (24... Kc8 25. Qa8+ Bb8
26. Bc6 $18) 25. Qxc7+ Kf6 26. Qe5+ Kg6 27. Bd3+ f5 28. Qxe6+ $18) ({Aber} 
22... Rh7 $1 {hätte Schwarz gerettet, denn} 23. Nc6+ Nxc6 24. Qxc6 Ke7 25.
Qxc7+ Kf8 26. Bd3 Rh8 {'~~' Ftacnik. sollte nach I.Sokolov remis sein.}) (22...
Bxe5 $4 {Ftacnik} 23. dxe5 $18) 23. Nxf7+ Ke7 24. Nxh8 {Schwarz kann zwar nun
mit Schach die beiden Bauern zurückgewinnen, aber sein König bleibt weiterhin
unter Angriff.} Qxb2+ 25. Kf3 Qc3+ 26. Kg4 Qxd4+ 27. Kh3 {Diese Stellung ist
verblüffend: Weiß agiert auf den weißen Feldern, Schwarz auf den Schwarzen.
Weiß ist aber am Drücker} (27. Kh5 $2 {ist zu schlau gespielt:} Qe5+ 28. Kg6
Nd7 $1 29. Bxd7 Qf5+ 30. Kxh6 Bf4+ 31. Kg7 Be5+ 32. Kh6 Kf6 {nebst Matt (I.
Sokolov)}) 27... Qb6 $2 {Ftacnik: 'The demands of ungrateful defensive task
are taking a toll from Shirov as he misses the equalizing idea 27...Qd6!' 
Kortschnoj: 'In a slightly worse position black misses the best chance:'} (
27... Qd6 28. Ng6+ Kf6 29. Be8 Nc6 (29... Qxh2+ 30. Kg4 {nebst Qf3+}) 30. f4 {
, und der weiße König steht sicherer als der schwarze.}) 28. Qc8 $1 Qxb5 29.
Qxc7+ Nd7 30. Ng6+ Kf6 31. Nxh4 {Weiß hat einen Bauern mehr und der schwarze
König ist nach wie vor Drohungen ausgesetzt.} Qd3+ 32. f3 Ne5 33. Qc1 Nf7 (
33... Kg7 {Ftacnik} 34. Qf4 Nf7 $14) 34. Qb2+ e5 $6 {Ftacnik: 'Bad move in
principle, since pawns will become more exposed and vulnerable.'  Schwächt das
Feld f5 und die 6.Reihe.} (34... Ne5 $5 {'+/=!?' Ftacnik.}) (34... Ke7 {Ftacnik
} 35. Qg7 $16) 35. Qb6+ Kg7 36. Kg3 $18 {Mit der Idee Qe6 nebst Nf5+.} Qc4 37.
Qg6+ Kf8 38. Qf6 Kg8 39. Ng6 e4 40. Nf4 exf3 41. Ne6 1-0

[Event "St Petersburg-ch 78th"]
[Site "St Petersburg"]
[Date "2005.03.21"]
[Round "5"]
[White "Ionov, Sergey"]
[Black "Solovjov, Sergey"]
[Result "0-1"]
[WhiteElo "2527"]
[BlackElo "2456"]
[Annotator "Lutz,C"]
[PlyCount "64"]
[EventDate "2005.03.17"]
[EventType "tourn"]
[EventRounds "11"]
[EventCountry "RUS"]
[EventCategory "10"]
[SourceTitle "CBM 106"]
[Source "ChessBase"]
[SourceDate "2005.06.06"]
[SourceVersion "1"]
[SourceVersionDate "2005.06.06"]
[SourceQuality "1"]

1. d4 d5 2. c4 c6 3. Nf3 Nf6 4. Nc3 e6 5. Bg5 dxc4 6. e4 b5 7. e5 h6 8. Bh4 g5
9. Nxg5 hxg5 10. Bxg5 Nbd7 11. exf6 Bb7 12. g3 c5 13. d5 Qc7 14. Bg2 b4 15. d6
Qb6 16. Ne4 Bd5 $1 {Dieser Zug ist besser als 16...Ne5 und sollte Schwarz
mindestens ausgeglichenes Spiel geben, Schwarz knöpft sich unmittelbar den Pd6
vor. Ist damit 15.d6 entschärft !?} (16... Ne5 $6 17. O-O O-O-O 18. Qe2 (18. a3
b3 19. Rc1 (19. Be3 Bxd6 20. Qe2 Nd3 21. Nxd6+ Rxd6 22. Bxb7+ Qxb7 23. Bd2 Qd5
24. Bc3 Nf4 {0-1 Mansson,J-Sherwin,J/Coventry 2004/CBM 99 ext (24)}) 19... Bd5
20. Qe2 Bxd6 21. Rc3 Bc7 22. h4 Nd3 23. Rxd3 cxd3 24. Qxd3 c4 25. Qc3 $13 {
1/2-1/2 Nikolic,P-Knaak,R/Rethymnon 2003/CBM 98 (46)}) 18... Bd5 19. Rfd1 Nc6 (
19... Qc6 20. a3 b3 21. Rxd5 $1 $40 {1-0 Filippov,V-Bocharov,D/Tomsk 2004/CBM
102/[Lutz] (35)}) 20. Rac1 Bxd6 21. Rxc4 $1 $40 {1-0 Nielsen,P-Smeets,J/Wijk
aan Zee 2005/CBM 105/[Lutz] (95)}) 17. O-O (17. Bf4 Qc6 18. f3 O-O-O 19. O-O e5
(19... Bh6 20. Qd2 Bxf4 21. Qxf4 Nb6 22. a3 b3 23. a4 Bxe4 24. fxe4 Qxd6 25. a5
Qxf4 26. gxf4 Na8 27. Rac1 Rd4 $36 {0-1 Gupta,A-L'Ami,E/Kochin 2004/CBM 103
ext (39)}) 20. Be3 Bxd6 21. a3 b3 22. Qd2 Bc7 23. Rad1 Bxe4 24. fxe4 Nb6 25.
Qe2 Kb7 26. Rd5 Nxd5 27. exd5 Qd6 28. Qxc4 $44 {1/2-1/2 Collas,D-Kapnisis,S/
Beruit 2003/CBM 96 ext (60)}) (17. Qa4 O-O-O 18. O-O Bxd6 19. Nxd6+ Qxd6 20.
Rfd1 Kb7 21. a3 Nb6 22. Qa5 b3 23. h4 Qc6 24. Bf1 Bf3 25. Rxd8 Rxd8 26. Bxc4
Nxc4 27. Qxd8 Ne5 28. Be3 Bh1 29. Kf1 Qb5+ 30. Kg1 Qc6 31. Kf1 Qb5+ 32. Kg1 {
1/2-1/2 Dimitrov,V-Mastrovasilis,D/Thessaloniki 2004/CBM 102 ext (32)}) 17...
O-O-O 18. Qe2 Bxd6 19. a3 $146 {Eine Neuerung, die aber auch nichts daran
ändert, dass Schwarz gut steht.} (19. f4 Qc6 20. h4 Nb6 21. h5 Bc7 22. g4 Na4
23. Rae1 b3 24. axb3 cxb3 25. Bh4 c4 26. Kh2 {1/2-1/2 Sakaev,K-Mastrovasilis,D/
Tripoli 2004/CBM 102/[Lutz] (26)}) (19. Nxd6+ Qxd6 20. Bf4 Qc6 21. Bxd5 exd5
22. Qf3 Kb7 23. Rac1 Nb6 24. Bg5 d4 25. Qg4 Qd7 26. Qf3+ Qd5 $17 {0-1 Ramesa,
M-Doric,N/Kostrena 2004/CBM 102 ext (45)}) 19... b3 20. Nc3 Bxg2 21. Kxg2 Qc6+
22. f3 Ne5 23. Rad1 $17 Nd3 {Unter dem Schutz dieses Springers kann Schwarz
sein Spiel formieren. Wegen der Schwäche des Pb2 steht Schwarz besser.} 24. h4
Qc7 25. Ne4 Be5 26. Rd2 Rhg8 27. f4 Bxb2 $1 28. Rxb2 Nxb2 29. Qxb2 Qc6 30. Re1
Rd4 31. Kf3 Rgd8 32. Qb1 c3 0-1

[Event "Sigeman & Co 04th"]
[Site "Malmo"]
[Date "1996.??.??"]
[Round "6"]
[White "Bellon Lopez, Juan Manuel"]
[Black "Hector, Jonny"]
[Result "1-0"]
[WhiteElo "2505"]
[BlackElo "2520"]
[Annotator "Lutz,C"]
[PlyCount "73"]
[EventDate "1996.06.??"]
[EventType "tourn"]
[EventRounds "9"]
[EventCountry "SWE"]
[EventCategory "12"]
[SourceTitle "CBM 054"]
[Source "ChessBase"]
[SourceDate "1996.10.01"]
[SourceVersion "1"]
[SourceVersionDate "1996.10.01"]
[SourceQuality "1"]

1. d4 {Ftacnik} d5 2. c4 c6 3. Nf3 Nf6 4. Nc3 e6 5. Bg5 dxc4 6. e4 b5 7. e5 h6
8. Bh4 g5 9. exf6 gxh4 10. Ne5 Qxf6 11. a4 c5 12. Be2 (12. Ng4 $1 {Ftacnik} Qe7
13. dxc5 Bg7 $2 (13... Bb7 14. Qd4 e5 $1 15. Qxe5 Qxe5+ 16. Nxe5 Bxc5 $13) 14.
axb5 $5 (14. Qd6 $5 $14) 14... Nd7 15. Qf3 Rb8 16. c6 Nb6 17. Be2 Nd5 $1 {
0-1 Moskalenko,V-Kaidanov,G/Lvov/1988/ (27)}) (12. Nxb5 {Ftacnik} cxd4 13. Nc7+
Kd8 14. Qxd4+ Nd7 15. O-O-O (15. Nxf7+ Kxc7 16. Qxf6 Bb4+ 17. Kd1 Nxf6 18. Nxh8
Ba6 19. Nf7 Ne4 20. Be2 Nxf2+ 21. Kc2 Nxh1 22. Rxh1 Rf8 23. Rf1 Bb7 24. Rf4 Bd5
{0-1 Torres,Ja-O'Donnell,T/San Mateo/1994/ (33)}) 15... Kxc7 16. Qxc4+ Nc5 17.
Qb5 Qf4+ 18. Rd2 Qxa4 19. Qxa4 Nxa4 20. Rc2+ Nc5 21. b4 Rg8 22. bxc5 Rg5 23. f4
Rf5 24. g3 {0-1 Ligterink,G-Kuijf,M/NLD-ch Hilversum/1988/ (37)}) 12... cxd4 $6
{Angesichts der danach entstehenden Probleme sollte Schwarz mittels 12... Bb7
in die Variante 11... Bb7 12.Be2 c5 überlenken.} 13. Qxd4 Nd7 14. Qe4 Rb8 15.
Nc6 Nc5 16. Qe3 $1 (16. Nd5 $2 Qxf2+ 17. Kxf2 Nxe4+ 18. Kf1 exd5 19. Nxb8 b4
20. Nc6 Bc5 21. Rd1 Bd7 $17 {Conquest,S-Novikov,I/Tbilisi ;TD 88\01 1988})
16... Rb6 (16... Rb7 17. axb5 Qg5 (17... Nb3 18. Rd1 Bd7 19. Ne4 Qf5 20. Bg4
Qg6 21. Qf4 Be7 22. Nd6+ Bxd6 23. Qxd6 Qg5 24. Bh5 Nc5 25. f4 Ne4 26. Qd4 e5
27. Qxe4 Qxf4 28. Bxf7+ Qxf7 29. Qxe5+ Qe6 30. Qxe6+ Bxe6 31. Rd8+ {1-0
Petrosian,K-Muir,A/Budapest FS07 GM ;EXT 95 1995}) 18. f4 Qxg2 19. O-O-O Rd7
20. Bxc4 Bb7 21. Rhg1 Bxc6 22. bxc6 Qxc6 23. Bb5 Qb7 24. Rxd7 Nxd7 {1-0
Ikonnikov,V-Sulipa,A/Cannes op (03) ;EXP 46 1995}) 17. axb5 Qg5 (17... Rg8 {
Ftacnik} 18. O-O-O Rxg2 19. Rd8+ Qxd8 20. Nxd8 Kxd8 21. Bxc4 $14) (17... Bd7 $2
{Ftacnik} 18. Nd5 $18) 18. f4 Qxg2 19. O-O-O Rxc6 (19... Bd7 {Ftacnik} 20. Nd5
$1 (20. Rdg1 Bxc6 21. Rxg2 Nb3+ 22. Kb1 Bxg2 23. Rd1 Rg8 $13) 20... Nb3+ 21.
Kb1 Bxc6 22. Nf6+ Ke7 23. bxc6 Kxf6 24. Qe5+ Kg6 (24... Ke7 25. Rd7+ Ke8 26.
Qxe6+ $1 fxe6 27. Bh5+ Qg6+ 28. Bxg6#) 25. Rhg1 $18) 20. Bf3 Nb3+ 21. Kb1 Qg6+
22. Be4 Bc5 (22... Rd6 23. Bxg6 fxg6 24. Qe5 $18) 23. Qe2 Nd4 (23... Rd6 {
Ftacnik} 24. Bxg6 fxg6 25. Qxc4 Nd2+ 26. Rxd2 Rxd2 27. Qxc5 $18) 24. Rxd4 Bxd4
25. Bxg6 $18 Rc5 26. Qd2 Bg7 (26... Bxc3 {Ftacnik} 27. Qxc3 Rg8 28. Bd3 $18)
27. Qe3 Rc7 (27... Bf8 {Ftacnik} 28. Ne4 Rxb5 29. Qc3 $18) 28. Nd5 Rb7 (28...
Rd7 {Ftacnik} 29. Qxe6+ Kf8 30. Qc6 $18) 29. Qc5 Kd8 (29... exd5 {Ftacnik} 30.
Qxc8+ Ke7 31. Qxb7+ $18) (29... fxg6 {Ftacnik} 30. Qxc8+ Kf7 31. Qxb7+ $18) 30.
Nb4 fxg6 31. Rd1+ Bd7 (31... Rd7 {Ftacnik} 32. Nc6+ Kc7 33. Qxa7+ Bb7 34. Rxd7+
$18) 32. Nc6+ Kc8 33. Nxa7+ Kb8 (33... Kd8 {Ftacnik} 34. Qc8+ $18) 34. Qd6+ Ka8
(34... Kxa7 {Ftacnik} 35. Kc2 Bxb2 36. Kxb2 Bxb5 37. Qd4+ Rb6 38. Qxh8 $18) 35.
Nc6 Bxc6 36. Qxc6 Kb8 37. Rd7 (37. Rd7 {Ftacnik} Rxd7 38. Qxd7 Bf6 39. b6 $18)
1-0

[Event "Metz op 31th"]
[Site "Metz"]
[Date "2013.07.25"]
[Round "8"]
[White "Greenfeld, Alon"]
[Black "Svetushkin, Dmitry"]
[Result "1-0"]
[WhiteElo "2545"]
[BlackElo "2588"]
[Annotator "Metz Alekhine/Primel,D"]
[PlyCount "79"]
[EventDate "2013.04.20"]
[EventType "swiss"]
[EventRounds "9"]
[EventCountry "FRA"]
[SourceTitle "EXT 2016"]
[Source "ChessBase"]
[SourceDate "2015.10.08"]
[SourceVersion "1"]
[SourceVersionDate "2015.10.08"]
[SourceQuality "1"]
[TimeControl "40/5400+30:1200+30"]

1. d4 d5 2. c4 c6 3. Nf3 Nf6 4. Nc3 dxc4 5. a4 e6 6. e4 (6. e3) (6. Bg5 b5 7.
axb5 cxb5 8. Nxb5 Qb6 9. Na3 Ne4 10. Nxc4 Qb4+ 11. Ncd2 Nxg5 12. Nxg5 Qxd4 13.
e3 Qd5 (13... Qd7 14. Qb3 Bb7 15. Bb5 $32 {Argandona Riveiro,I (2396)-Korneev,
O (2657) Elgoibar 16th 2006 (4) 1/2}) 14. Be2) 6... Bb4 7. Bg5 Bxc3+ 8. bxc3
Qa5 9. e5 Ne4 10. Bd2 c5 (10... Qd5) 11. Bxc4 Nxd2 12. Qxd2 cxd4 13. cxd4 (13.
Qxd4 Nc6 14. Qe3 Bd7 15. O-O Ne7 16. Bb5 Qc7 17. Rfd1 Bxb5 18. axb5 O-O 19.
Rac1 Nd5 20. Qd4 Rfd8 21. c4 Nb6 22. Qe4 Rxd1+ 23. Rxd1 h6 24. Rc1 Nd7 25. Qd4
Nc5 26. Rd1 a5 27. bxa6 bxa6 28. Qd6 Qa7 29. h3 Rc8 30. Nd4 Qb7 31. f3 Kh7 32.
Kh2 Qb4 33. Nc6 Qxc4 34. Rd4 Qc3 35. Rg4 Nb7 36. Qd7 Qxc6 37. Qxf7 Rg8 38. f4
Qe4 39. Qxe6 Nc5 40. Qd6 Nd3 41. e6 Nf2 42. Rh4 Re8 {Gupta,A (2652) -Eljanov,P
(2690) Moscow 2012 0-1}) 13... Nc6 14. Rb1 Ke7 15. Bb5 Qxd2+ 16. Kxd2 Bd7 17.
Ke3 a6 18. Bxc6 Bxc6 19. Rhc1 $14 {[%csl Rb7] Les Blancs ont un petit avantage
d'espace dans une finale agréable à jouer car les R Noires auront du mal à
s'activer} Rhc8 20. Ng5 $1 b5 (20... Bxg2 $6 21. f3 {[%csl Re7,Rg2][%cal Gb1b7,
Gg5e4,Ge4d6]}) 21. axb5 axb5 22. Ne4 Ra3+ 23. Kf4 Bxe4 24. Kxe4 Rxc1 25. Rxc1
Kd7 26. Rc5 Rb3 {[%cal Gb3b5,Gb3b2]} 27. f4 Rb2 $132 28. g4 b4 (28... Rxh2 29.
Rxb5 $11) 29. d5 b3 30. d6 Re2+ 31. Kd3 b2 32. Rc7+ $1 {Un coup intermédiaire
important pour repousser le K adverse sur la 08ème rangée avant d'attaquer
le P passé} Kd8 33. Rb7 Rxh2 34. Kc3 Rf2 35. Rxb2 Rxf4 36. g5 Re4 37. Rb8+ Kd7
38. Rb7+ Kc6 $4 {Zeitnot?} (38... Kd8 $8 39. Rxf7) 39. d7 (39. Rxf7) 39... Kxb7
40. d8=Q 1-0